Nicaragua: crisis institucional y caos jurídico /
Se refiere a la controversia que ha generado un caos jurídico de Nicaragua tras la pugna originada en la existencia de dos Constituciones vigentes en el país como consecuencia de la nueva Constitución y su posterior publicación el 24 de febrero de 1987. Ante la aprobación y la publicación de esta Co...
Збережено в:
| Автор: | |
|---|---|
| Формат: | Текст |
| Предмети: | |
| Теги: |
Додати тег
Немає тегів, Будьте першим, хто поставить тег для цього запису!
|
MARC
| LEADER | 00000 a a2200000 04500 | ||
|---|---|---|---|
| 001 | 17840 | ||
| 003 | |||
| 040 | |||
| 100 | |a Tamayo G., Eduardo | ||
| 245 | |a Nicaragua: |b crisis institucional y caos jurídico / |c Eduardo Tamayo G. | ||
| 520 | |a Se refiere a la controversia que ha generado un caos jurídico de Nicaragua tras la pugna originada en la existencia de dos Constituciones vigentes en el país como consecuencia de la nueva Constitución y su posterior publicación el 24 de febrero de 1987. Ante la aprobación y la publicación de esta Constitución se propició un enfrentamiento por parte de Luis Guzmán, Demócrata Cristiano y la Presidenta Violeta Chamorro. La discordia es llevada a nivel político por los actores interesados en reemplazar a la mandataria Chamorro. Las principales diferencias constitucionales están vinculadas con el acto de suprimir el servicio militar y las formas de reelección para optar por la presidencia de la República. JR/ALJ | ||
| 650 | |a CONSTITUCIONES | ||
| 650 | |a PODER EJECUTIVO | ||
| 650 | |a PODER JUDICIAL | ||
| 650 | |a REFORMA CONSTITUCIONAL | ||
| 650 | |a CRISIS POLITICA | ||
| 650 | |a SERVICIO MILITAR | ||
| 650 | |a GOBIERNO | ||
| 773 | |g volumen 29, número 212; páginas 3-4 | ||
| 999 | |c 26742 |d 26742 | ||
